[Event "CAN-op U1600 (Pinnacle 48th CAN Op Ch)"]
[Site "Toronto CAN"]
[Date "2011.07.16"]
[Round "8"]
[White "Michelashvili, Alexandre"]
[Black "Xu, Jeffrey"]
[Result "1/2-1/2"]
[WhiteElo "1453"]
[BlackElo "1275"]
[PlyCount "54"]
[GameId "2160767909707692"]
[EventDate "2011.07.09"]
[EventType "swiss"]
[EventRounds "9"]
[EventCountry "CAN"]
[SourceTitle "EXT 2022"]
[Source "ChessBase"]
[SourceDate "2021.10.06"]
[SourceVersion "1"]
[SourceVersionDate "2021.10.06"]
[SourceQuality "1"]

1. e4 b6 2. d4 Bb7 3. Bd3 e6 4. a3 d6 5. Nf3 Nd7 6. O-O Ngf6 7. Nc3 c5 8. Bg5 Be7 9. Re1 O-O 10. e5 dxe5 11. dxe5 Nd5 12. Bxe7 Qxe7 13. Ne4 f6 14. Nd6 Bc6 15. Bb5 Bxb5 16. Nxb5 g6 17. c4 Nf4 18. Qd6 Qf7 19. Nc3 Rad8 20. Rad1 h6 21. exf6 Qxf6 22. Kh1 Kh8 23. Qd2 Nxg2 24. Kxg2 Qxf3+ 25. Kg1 Nf6 26. Qxd8 Rxd8 27. Rxd8+ Kh7 1/2-1/2

[Event "CAN-op U1600 (Pinnacle 48th CAN Op Ch)"]
[Site "Toronto CAN"]
[Date "2011.07.16"]
[Round "8"]
[White "Milicevic, Aleksandra"]
[Black "Lean, Nathan"]
[Result "0-1"]
[WhiteElo "1245"]
[BlackElo "1515"]
[PlyCount "54"]
[GameId "2160767909707693"]
[EventDate "2011.07.09"]
[EventType "swiss"]
[EventRounds "9"]
[EventCountry "CAN"]
[SourceTitle "EXT 2022"]
[Source "ChessBase"]
[SourceDate "2021.10.06"]
[SourceVersion "1"]
[SourceVersionDate "2021.10.06"]
[SourceQuality "1"]

1. e4 c5 2. Nf3 d6 3. d4 cxd4 4. Nxd4 Nf6 5. Nc3 Nc6 6. Be3 g6 7. Be2 Bg7 8. Qd2 O-O 9. h3 Bd7 10. g4 Nxd4 11. Bxd4 b5 12. g5 b4 13. gxf6 bxc3 14. Bxc3 Bxf6 15. Bxf6 exf6 16. Qxd6 Qc8 17. O-O-O Be6 18. Kb1 Qb7 19. f3 Rab8 20. Qd4 f5 21. exf5 Bxf5 22. h4 Rfc8 23. Rc1 Rc6 24. b3 Rb6 25. h5 Rxb3+ 26. axb3 Qxb3+ 27. Ka1 Qa3# 0-1

[Event "CAN-op U1600 (Pinnacle 48th CAN Op Ch)"]
[Site "Toronto CAN"]
[Date "2011.07.16"]
[Round "8"]
[White "Milicevic, Ljudmila"]
[Black "Law, James"]
[Result "0-1"]
[WhiteElo "1048"]
[BlackElo "1462"]
[PlyCount "94"]
[GameId "2160767909707694"]
[EventDate "2011.07.09"]
[EventType "swiss"]
[EventRounds "9"]
[EventCountry "CAN"]
[SourceTitle "EXT 2022"]
[Source "ChessBase"]
[SourceDate "2021.10.06"]
[SourceVersion "1"]
[SourceVersionDate "2021.10.06"]
[SourceQuality "1"]

1. e4 e6 2. d4 d5 3. e5 c5 4. c3 Nc6 5. Nf3 Qb6 6. a3 Bd7 7. b4 cxd4 8. cxd4 Nge7 9. Be3 Nf5 10. Be2 Be7 11. Nc3 a6 12. Rb1 Qc7 13. Bd3 Nxb4 14. axb4 Qxc3+ 15. Kf1 O-O 16. Bxf5 exf5 17. g3 Be6 18. Kg2 Qc7 19. Bg5 Bxg5 20. Nxg5 h6 21. h4 Rac8 22. Nxe6 fxe6 23. Qh5 Qf7 24. Qxf7+ Kxf7 25. Rbc1 Ke7 26. f4 Kd7 27. Kf3 Rxc1 28. Rxc1 Rc8 29. Rxc8 Kxc8 30. h5 Kd7 31. Ke3 Ke7 32. Kf3 Kd7 33. Ke3 Kc6 34. Kd3 Kb5 35. Kc3 a5 36. bxa5 Kxa5 37. Kb3 Kb5 38. Ka3 Kc4 39. Ka4 b5+ 40. Ka3 b4+ 41. Kb2 Kxd4 42. Kb3 Kc5 43. Ka2 Kc4 44. Kb2 d4 45. Kc2 d3+ 46. Kb2 b3 47. Kc1 Kc3 0-1

[Event "CAN-op U1600 (Pinnacle 48th CAN Op Ch)"]
[Site "Toronto CAN"]
[Date "2011.07.16"]
[Round "8"]
[White "Noritsyn, Sergey"]
[Black "Tismenko, Dennis"]
[Result "1-0"]
[WhiteElo "1491"]
[BlackElo "1496"]
[PlyCount "91"]
[GameId "2160767909707695"]
[EventDate "2011.07.09"]
[EventType "swiss"]
[EventRounds "9"]
[EventCountry "CAN"]
[SourceTitle "EXT 2022"]
[Source "ChessBase"]
[SourceDate "2021.10.06"]
[SourceVersion "1"]
[SourceVersionDate "2021.10.06"]
[SourceQuality "1"]

1. b3 e5 2. e3 Nf6 3. Bb2 Nc6 4. Bb5 d6 5. d3 Bd7 6. Nf3 a6 7. Bxc6 Bxc6 8. Nbd2 Be7 9. Qe2 O-O 10. O-O e4 11. dxe4 Nxe4 12. Nd4 Qd7 13. Qd3 Nxd2 14. Qxd2 Bf6 15. Rab1 Be4 16. Bc3 Bg6 17. Ne2 Qe6 18. Nf4 Qf5 19. Bxf6 Qxf6 20. Nd5 Qe5 21. f4 Qe4 22. f5 Bh5 23. Rf4 Qe5 24. Rh4 Be2 25. c4 c6 26. Nc3 Qxf5 27. Qxe2 Qf6 28. Rd4 c5 29. Rd3 Rfe8 30. Rbd1 Re6 31. Nd5 Qd8 32. Nf4 Rf6 33. Qd2 Qe8 34. Nd5 Rh6 35. Nc7 Qe5 36. h3 Rc8 37. Rxd6 Rxd6 38. Qxd6 Qxe3+ 39. Kh2 h6 40. Nd5 Qe2 41. Ne7+ Kh7 42. Nxc8 Qxa2 43. Qd3+ Kg8 44. Qf5 g6 45. Rd8+ Kg7 46. Qe5+ 1-0

[Event "CAN-op U1600 (Pinnacle 48th CAN Op Ch)"]
[Site "Toronto CAN"]
[Date "2011.07.16"]
[Round "8"]
[White "Rogers, Michael"]
[Black "Yie, Kevin Yi Xiao"]
[Result "1-0"]
[WhiteElo "1541"]
[BlackElo "1431"]
[PlyCount "97"]
[GameId "2160767909707697"]
[EventDate "2011.07.09"]
[EventType "swiss"]
[EventRounds "9"]
[EventCountry "CAN"]
[SourceTitle "EXT 2022"]
[Source "ChessBase"]
[SourceDate "2021.10.06"]
[SourceVersion "1"]
[SourceVersionDate "2021.10.06"]
[SourceQuality "1"]

1. e4 e5 2. Nf3 Nc6 3. Bc4 Nf6 4. d4 exd4 5. O-O Nxe4 6. Re1 d5 7. Bxd5 Qxd5 8. Nc3 Qa5 9. Nxe4 Be6 10. Bg5 h6 11. Bh4 Bb4 12. Re2 O-O 13. Nxd4 Bg4 14. f3 Bc5 15. Nxc5 Qxc5 16. Bf2 Nxd4 17. Bxd4 Qd5 18. fxg4 Rad8 19. Rd2 c5 20. Be3 Qe5 21. Rxd8 Qxe3+ 22. Kh1 Qg5 23. Rxf8+ Kxf8 24. Qd7 Qe7 25. Qxe7+ Kxe7 26. c4 Kd7 27. Rd1+ Ke7 28. Rd5 b6 29. Kg1 f6 30. Kf2 g6 31. Ke3 Ke8 32. Ke4 Ke7 33. h4 a6 34. g3 Ke6 35. b3 Ke7 36. h5 g5 37. Kf5 Kf7 38. Rd6 b5 39. Rxf6+ Kg7 40. Rxa6 bxc4 41. bxc4 Kh7 42. Rc6 Kg8 43. a4 Kf7 44. a5 Kf8 45. a6 Kf7 46. a7 Kf8 47. a8=Q+ Kf7 48. Qd8 Kg7 49. Rc7# 1-0

[Event "CAN-op U1600 (Pinnacle 48th CAN Op Ch)"]
[Site "Toronto CAN"]
[Date "2011.07.16"]
[Round "8"]
[White "Sirkovich, Daniel"]
[Black "Termeer, Ted"]
[Result "0-1"]
[WhiteElo "1206"]
[BlackElo "1403"]
[PlyCount "124"]
[GameId "2160767909707698"]
[EventDate "2011.07.09"]
[EventType "swiss"]
[EventRounds "9"]
[EventCountry "CAN"]
[SourceTitle "EXT 2022"]
[Source "ChessBase"]
[SourceDate "2021.10.06"]
[SourceVersion "1"]
[SourceVersionDate "2021.10.06"]
[SourceQuality "1"]

1. e4 e5 2. Nf3 d6 3. d4 exd4 4. Nxd4 Nf6 5. Nc3 Be7 6. Bd3 Bd7 7. f3 a6 8. Be3 Nc6 9. Qd2 Ne5 10. Nb3 c5 11. Be2 b5 12. Nd5 Nxd5 13. Qxd5 Be6 14. Qd2 Bc4 15. f4 Bxe2 16. fxe5 Bh5 17. exd6 Qxd6 18. Qxd6 Bxd6 19. Bxc5 Bxc5 20. Nxc5 Rc8 21. b4 O-O 22. Rc1 Bg6 23. O-O Rc6 24. a3 Re8 25. Rfe1 f6 26. c4 Bf7 27. cxb5 axb5 28. Rcd1 h6 29. Rd7 Ra8 30. Re3 Re8 31. Rb7 Bc4 32. Rg3 g5 33. h4 Re5 34. hxg5 Rxg5 35. Rf3 Rd6 36. Rd7 Rb6 37. Nb7 Be6 38. Rxf6 Rc6 39. Nd8 Rc1+ 40. Rf1 Rxf1+ 41. Kxf1 Bxd7 42. Nb7 Bc6 43. Nd6 Kh7 44. Kf2 Rg8 45. Kf3 Ra8 46. Kf4 Rxa3 47. Kf5 Rb3 48. e5 Rxb4 49. e6 Ra4 50. e7 Bd7+ 51. Ke5 Ra8 52. Nxb5 Bxb5 53. Kf6 Be8 54. g4 Ra7 55. g5 h5 56. g6+ Bxg6 57. e8=Q Bxe8 58. Ke6 h4 59. Kd5 h3 60. Ke5 h2 61. Kd4 h1=Q 62. Ke5 Qh5+ 0-1

[Event "CAN-op U1600 (Pinnacle 48th CAN Op Ch)"]
[Site "Toronto CAN"]
[Date "2011.07.16"]
[Round "8"]
[White "Smith, Maurice"]
[Black "Muntaner, Daniel"]
[Result "1-0"]
[WhiteElo "1588"]
[BlackElo "1252"]
[PlyCount "143"]
[GameId "2160767909707699"]
[EventDate "2011.07.09"]
[EventType "swiss"]
[EventRounds "9"]
[EventCountry "CAN"]
[SourceTitle "EXT 2022"]
[Source "ChessBase"]
[SourceDate "2021.10.06"]
[SourceVersion "1"]
[SourceVersionDate "2021.10.06"]
[SourceQuality "1"]

1. d4 d5 2. c4 e6 3. Nc3 c5 4. Nf3 cxd4 5. Qxd4 Nc6 6. Qd1 Nf6 7. cxd5 Nxd5 8. e4 Nxc3 9. Qxd8+ Kxd8 10. bxc3 e5 11. Bb5 f6 12. O-O Be6 13. Rd1+ Kc7 14. Be3 a6 15. Be2 Be7 16. a4 b6 17. Rab1 Rhb8 18. Nd2 f5 19. f3 fxe4 20. fxe4 Bc5 21. Bxc5 bxc5 22. Rxb8 Kxb8 23. Nc4 Kc7 24. Ne3 Bb3 25. Ra1 a5 26. Ra3 Bf7 27. Ra1 Rd8 28. Rd1 Rxd1+ 29. Bxd1 Kd6 30. Nf5+ Ke6 31. Bb3+ Kf6 32. Bxf7 Kxf7 33. Nd6+ Kf6 34. Nb7 c4 35. Nd6 Kg5 36. g3 h5 37. Nxc4 h4 38. Kg2 hxg3 39. Kxg3 g6 40. h3 Kh5 41. h4 g5 42. hxg5 Kxg5 43. Nd2 Kf6 44. Kg4 Kg6 45. Nf3 Kf6 46. Nh4 Ne7 47. Nf5 Nc6 48. Kf3 Kg5 49. Ke3 Kg4 50. Kd3 Kf3 51. Nd6 Kf4 52. Kc4 Ke3 53. Kd5 Ne7+ 54. Kxe5 Ng6+ 55. Kd5 Nf4+ 56. Kc4 Kd2 57. e5 Ke3 58. Kb5 Kd3 59. c4 Ne6 60. Kxa5 Kd4 61. Nf7 Kxc4 62. Kb6 Kb4 63. a5 Kc4 64. a6 Kd5 65. a7 Ke4 66. a8=Q+ Kf5 67. Qf3+ Nf4 68. Nh6+ Kxe5 69. Qc3+ Ke6 70. Qd4 Nd5+ 71. Kc5 Ne7 72. Qd6# 1-0

[Event "CAN-op U1600 (Pinnacle 48th CAN Op Ch)"]
[Site "Toronto CAN"]
[Date "2011.07.16"]
[Round "8"]
[White "Waugh, Jason"]
[Black "Zhong, Joey"]
[Result "0-1"]
[WhiteElo "851"]
[BlackElo "1123"]
[PlyCount "92"]
[GameId "2160767909707700"]
[EventDate "2011.07.09"]
[EventType "swiss"]
[EventRounds "9"]
[EventCountry "CAN"]
[SourceTitle "EXT 2022"]
[Source "ChessBase"]
[SourceDate "2021.10.06"]
[SourceVersion "1"]
[SourceVersionDate "2021.10.06"]
[SourceQuality "1"]

1. e4 e6 2. d4 d5 3. exd5 exd5 4. Nf3 Nf6 5. Bb5+ c6 6. Ba4 Bd6 7. Nbd2 Nbd7 8. O-O O-O 9. c4 dxc4 10. Nxc4 Bc7 11. Bc2 Nb6 12. b3 Nxc4 13. bxc4 Bg4 14. Qd3 Bxf3 15. gxf3 Qd6 16. Re1 Qxh2+ 17. Kf1 Qh3+ 18. Ke2 Rfe8+ 19. Be3 Bf4 20. Kd2 Bxe3+ 21. Rxe3 Rxe3 22. fxe3 Qxf3 23. Rf1 Qh5 24. Rf5 Qg6 25. Qf1 Qh6 26. Qf4 Qxf4 27. Rxf4 Re8 28. e4 g5 29. Rf1 Nxe4+ 30. Bxe4 Rxe4 31. Kd3 Re8 32. Rb1 b6 33. a4 h5 34. d5 cxd5 35. cxd5 h4 36. Kd4 Rd8 37. Ke5 g4 38. d6 g3 39. Kd5 h3 40. Kc6 h2 41. Kc7 g2 42. d7 Rxd7+ 43. Kxd7 g1=Q 44. Rxg1+ hxg1=Q 45. Kc7 a5 46. Kb7 f5 0-1

[Event "CAN-op U1600 (Pinnacle 48th CAN Op Ch)"]
[Site "Toronto CAN"]
[Date "2011.07.16"]
[Round "8"]
[White "Yu, Stephen"]
[Black "Vera, Jesus"]
[Result "0-1"]
[WhiteElo "1334"]
[BlackElo "1324"]
[PlyCount "78"]
[GameId "2160767909707701"]
[EventDate "2011.07.09"]
[EventType "swiss"]
[EventRounds "9"]
[EventCountry "CAN"]
[SourceTitle "EXT 2022"]
[Source "ChessBase"]
[SourceDate "2021.10.06"]
[SourceVersion "1"]
[SourceVersionDate "2021.10.06"]
[SourceQuality "1"]

1. e4 c5 2. Nf3 Nc6 3. d4 cxd4 4. Nxd4 Nf6 5. Nc3 d6 6. Be2 e5 7. Nb3 Be6 8. Bg5 Be7 9. Bxf6 Bxf6 10. Nb5 Be7 11. Nc3 O-O 12. a4 a5 13. h4 Rc8 14. Nd5 Bxd5 15. exd5 Nb4 16. c3 Na6 17. Bxa6 bxa6 18. O-O Rc4 19. Qe2 Qc7 20. Nxa5 Rc5 21. c4 Qxa5 22. Rfb1 Qc7 23. b3 a5 24. g3 f5 25. f4 Bf6 26. Ra2 exf4 27. gxf4 Qf7 28. Rd2 Re8 29. Qf2 Re4 30. Kh1 Qb7 31. Re2 Rcxc4 32. bxc4 Qxb1+ 33. Kg2 Bd4 34. Qf1 Qxf1+ 35. Kxf1 Rxf4+ 36. Kg2 Kf7 37. Kg3 Be5 38. c5 Rc4+ 39. Kf3 Rxc5 0-1

[Event "CAN-op U1600 (Pinnacle 48th CAN Op Ch)"]
[Site "Toronto CAN"]
[Date "2011.07.17"]
[Round "9"]
[White "Archibald, Colin"]
[Black "Law, James"]
[Result "1/2-1/2"]
[WhiteElo "1376"]
[BlackElo "1462"]
[PlyCount "50"]
[GameId "2160767909707703"]
[EventDate "2011.07.09"]
[EventType "swiss"]
[EventRounds "9"]
[EventCountry "CAN"]
[SourceTitle "EXT 2022"]
[Source "ChessBase"]
[SourceDate "2021.10.06"]
[SourceVersion "1"]
[SourceVersionDate "2021.10.06"]
[SourceQuality "1"]

1. d4 d5 2. Bf4 Bf5 3. h3 e6 4. Nf3 Bd6 5. Be5 Bxe5 6. Nxe5 Nd7 7. Nf3 Ngf6 8. Nbd2 h6 9. e3 O-O 10. Be2 Nh7 11. Bd3 Qf6 12. e4 dxe4 13. Nxe4 Qe7 14. b3 Nhf6 15. Nxf6+ Qxf6 16. O-O Bxd3 17. Qxd3 b6 18. c4 c5 19. Rad1 Rad8 20. dxc5 Nxc5 21. Qb1 Rxd1 22. Rxd1 Rd8 23. Rxd8+ Qxd8 24. Qc2 Qd3 25. Qd2 Qxd2 1/2-1/2

[Event "CAN-op U1600 (Pinnacle 48th CAN Op Ch)"]
[Site "Toronto CAN"]
[Date "2011.07.17"]
[Round "9"]
[White "Dattani, Dinesh"]
[Black "Yu, Stephen"]
[Result "0-1"]
[WhiteElo "1379"]
[BlackElo "1334"]
[PlyCount "80"]
[GameId "2160767909707704"]
[EventDate "2011.07.09"]
[EventType "swiss"]
[EventRounds "9"]
[EventCountry "CAN"]
[SourceTitle "EXT 2022"]
[Source "ChessBase"]
[SourceDate "2021.10.06"]
[SourceVersion "1"]
[SourceVersionDate "2021.10.06"]
[SourceQuality "1"]

1. e4 c5 2. Nf3 d6 3. d4 cxd4 4. Nxd4 Nf6 5. Nc3 a6 6. Be2 e5 7. Nb3 Be6 8. Be3 Be7 9. f3 O-O 10. Qd2 b5 11. Nd5 Nbd7 12. Na5 Bxd5 13. exd5 Qc7 14. Nc6 Rfe8 15. Nxe7+ Rxe7 16. O-O Nb6 17. Bxb6 Qxb6+ 18. Kh1 Nd7 19. c3 f5 20. Qg5 Rf7 21. Bd3 Raf8 22. h4 Nc5 23. Qe3 f4 24. Qf2 Qd8 25. Bc2 Nd7 26. Rg1 Nf6 27. g4 fxg3 28. Rxg3 Nh5 29. Rg5 Nf4 30. Qg3 Qd7 31. Kh2 Ne2 32. Qg2 Nf4 33. Qg3 Ne2 34. Qg2 Rxf3 35. Bxh7+ Kxh7 36. Rh5+ Kg8 37. Qxe2 Rf2+ 38. Qxf2 Rxf2+ 39. Kg3 Qf7 40. Kg4 Qf4+ 0-1

[Event "CAN-op U1600 (Pinnacle 48th CAN Op Ch)"]
[Site "Toronto CAN"]
[Date "2011.07.17"]
[Round "9"]
[White "Doknjas, Joshua"]
[Black "Li, Robert"]
[Result "1-0"]
[WhiteElo "1502"]
[BlackElo "1347"]
[PlyCount "71"]
[GameId "2160767909707705"]
[EventDate "2011.07.09"]
[EventType "swiss"]
[EventRounds "9"]
[EventCountry "CAN"]
[SourceTitle "EXT 2022"]
[Source "ChessBase"]
[SourceDate "2021.10.06"]
[SourceVersion "1"]
[SourceVersionDate "2021.10.06"]
[SourceQuality "1"]

1. e4 e5 2. Nf3 Nc6 3. d4 exd4 4. Nxd4 d6 5. Bb5 Bd7 6. Bxc6 Bxc6 7. Nxc6 bxc6 8. O-O Be7 9. Nd2 Nf6 10. b3 O-O 11. Bb2 Qc8 12. f4 Qg4 13. Qxg4 Nxg4 14. Rf3 d5 15. exd5 Bc5+ 16. Kh1 Nf2+ 17. Rxf2 Bxf2 18. dxc6 Be3 19. Nf3 Bxf4 20. Re1 Rfe8 21. g3 Rxe1+ 22. Nxe1 Bd6 23. Kg2 Re8 24. Kf1 Bc5 25. Nd3 Bb6 26. c4 Re3 27. Nb4 Re6 28. Nd5 Kf8 29. b4 Rxc6 30. c5 Bxc5 31. bxc5 Rxc5 32. Ba3 c6 33. Bxc5+ Ke8 34. Nb4 Kd7 35. Bxa7 Kd6 36. Ke2 1-0

[Event "CAN-op U1600 (Pinnacle 48th CAN Op Ch)"]
[Site "Toronto CAN"]
[Date "2011.07.17"]
[Round "9"]
[White "Gomes, Michael"]
[Black "France, Kyle"]
[Result "1-0"]
[WhiteElo "1042"]
[BlackElo "1490"]
[PlyCount "55"]
[GameId "2160767909707706"]
[EventDate "2011.07.09"]
[EventType "swiss"]
[EventRounds "9"]
[EventCountry "CAN"]
[SourceTitle "EXT 2022"]
[Source "ChessBase"]
[SourceDate "2021.10.06"]
[SourceVersion "1"]
[SourceVersionDate "2021.10.06"]
[SourceQuality "1"]

1. d4 e6 2. e4 d5 3. e5 c5 4. c3 Qb6 5. Nf3 Nh6 6. Bd3 c4 7. Bc2 Bd7 8. Nbd2 Nc6 9. b3 Na5 10. bxc4 dxc4 11. Be4 Rb8 12. Rb1 Qc7 13. Ng5 Nf5 14. Qh5 g6 15. Qh3 h6 16. g4 Ne7 17. Ba3 Bg7 18. Ngf3 Rc8 19. Bd6 Qd8 20. Bxb7 Nxb7 21. Rxb7 O-O 22. g5 h5 23. Ne4 Re8 24. Nf6+ Bxf6 25. gxf6 Nf5 26. Rg1 Bc6 27. Qxh5 Ng7 28. Rxg6 1-0

[Event "CAN-op U1600 (Pinnacle 48th CAN Op Ch)"]
[Site "Toronto CAN"]
[Date "2011.07.17"]
[Round "9"]
[White "Karpik, Steve"]
[Black "Siu, Wayne"]
[Result "1-0"]
[WhiteElo "1482"]
[BlackElo "1527"]
[PlyCount "139"]
[GameId "2160767909707707"]
[EventDate "2011.07.09"]
[EventType "swiss"]
[EventRounds "9"]
[EventCountry "CAN"]
[SourceTitle "EXT 2022"]
[Source "ChessBase"]
[SourceDate "2021.10.06"]
[SourceVersion "1"]
[SourceVersionDate "2021.10.06"]
[SourceQuality "1"]

1. Nf3 d6 2. g3 e6 3. Bg2 Nf6 4. O-O Nc6 5. b3 Bd7 6. Bb2 Be7 7. c4 e5 8. d4 e4 9. Ng5 Qc8 10. Nxe4 Nxe4 11. Bxe4 Bh3 12. Bg2 Bf6 13. e3 h5 14. Qc2 Bxg2 15. Kxg2 h4 16. Qe4+ Ne7 17. Rh1 c6 18. Nc3 h3+ 19. Kf1 Qd7 20. d5 O-O-O 21. dxc6 Nxc6 22. Na4 Rde8 23. Qc2 Qg4 24. Bxf6 Qf3 25. Bxg7 Qxh1+ 26. Ke2 Rxe3+ 27. fxe3 Qg2+ 28. Kd1 Qf1+ 29. Kd2 Qf2+ 30. Kc3 Qxe3+ 31. Qd3 Re8 32. Qxe3 Rxe3+ 33. Kd2 Re6 34. Re1 Ne5 35. Bxe5 dxe5 36. Nc3 f5 37. Nd5 Kd7 38. Kc3 Kc6 39. a4 a6 40. Rf1 f4 41. gxf4 exf4 42. Nb4+ Kc5 43. Rxf4 Re2 44. Nd3+ Kb6 45. Rf2 Re7 46. Rf3 Rh7 47. Nf2 Ka5 48. Rxh3 Rc7 49. Rh5+ b5 50. axb5 axb5 51. Rxb5+ Ka6 52. Rh5 Kb7 53. Rh6 Rg7 54. h4 Rg2 55. Nd3 Rg3 56. h5 Rh3 57. c5 Kc7 58. c6 Kb6 59. b4 Rg3 60. Rg6 Rh3 61. h6 Kc7 62. b5 Kb6 63. Kc4 Rh4+ 64. Kd5 Rh5+ 65. Ne5 Rh1 66. Nc4+ Kc7 67. Rg7+ Kb8 68. h7 Rd1+ 69. Kc5 Rh1 70. Rg8+ 1-0

[Event "CAN-op U1600 (Pinnacle 48th CAN Op Ch)"]
[Site "Toronto CAN"]
[Date "2011.07.17"]
[Round "9"]
[White "Lean, Nathan"]
[Black "Michelashvili, Alexandre"]
[Result "1/2-1/2"]
[WhiteElo "1515"]
[BlackElo "1453"]
[PlyCount "49"]
[GameId "2160767909707708"]
[EventDate "2011.07.09"]
[EventType "swiss"]
[EventRounds "9"]
[EventCountry "CAN"]
[SourceTitle "EXT 2022"]
[Source "ChessBase"]
[SourceDate "2021.10.06"]
[SourceVersion "1"]
[SourceVersionDate "2021.10.06"]
[SourceQuality "1"]

1. e4 e5 2. Nf3 Nc6 3. Bb5 a6 4. Ba4 Nf6 5. O-O b5 6. Bb3 Be7 7. Re1 O-O 8. d4 d6 9. d5 Na5 10. h3 Nb7 11. Bg5 Nc5 12. Nbd2 Bb7 13. a3 Nfd7 14. Bxe7 Qxe7 15. Qe2 f5 16. exf5 Rxf5 17. Nd4 Rff8 18. Ne6 Nxe6 19. dxe6 Nc5 20. Ba2 Bc8 21. Bd5 Rb8 22. b4 Bxe6 23. Rad1 Qg5 24. Ne4 Nxe4 25. Bxe4 1/2-1/2

[Event "CAN-op U1600 (Pinnacle 48th CAN Op Ch)"]
[Site "Toronto CAN"]
[Date "2011.07.17"]
[Round "9"]
[White "Milicevic, Ljudmila"]
[Black "Brown, John R"]
[Result "1-0"]
[WhiteElo "1048"]
[BlackElo "1561"]
[PlyCount "59"]
[GameId "2160767909707709"]
[EventDate "2011.07.09"]
[EventType "swiss"]
[EventRounds "9"]
[EventCountry "CAN"]

1. e4 e5 2. Nf3 Nc6 3. Bc4 Nf6 4. d3 Be7 5. Nc3 O-O 6. O-O d6 7. h3 Bd7 8. Nd5 Nxd5 9. Bxd5 Be6 10. Bb3 Qc8 11. Bxe6 Qxe6 12. Re1 Qg6 13. c3 f5 14. exf5 Rxf5 15. d4 Raf8 16. Re3 exd4 17. cxd4 Rh5 18. d5 Ne5 19. Nxe5 Rxe5 20. Rxe5 dxe5 21. Qb3 Bh4 22. Be3 Rf3 23. d6+ Kf8 24. g3 cxd6 25. Rc1 b6 26. Qc3 Ke7 27. Qc7+ Ke6 28. Qc4+ d5 29. Qxh4 d4 30. Rc6+ 1-0

[Event "CAN-op U1600 (Pinnacle 48th CAN Op Ch)"]
[Site "Toronto CAN"]
[Date "2011.07.17"]
[Round "9"]
[White "Muntaner, Daniel"]
[Black "Yie, Kevin Yi Xiao"]
[Result "1-0"]
[WhiteElo "1252"]
[BlackElo "1431"]
[PlyCount "59"]
[GameId "2160767909707710"]
[EventDate "2011.07.09"]
[EventType "swiss"]
[EventRounds "9"]
[EventCountry "CAN"]
[SourceTitle "EXT 2022"]
[Source "ChessBase"]
[SourceDate "2021.10.06"]
[SourceVersion "1"]
[SourceVersionDate "2021.10.06"]
[SourceQuality "1"]

1. e4 e5 2. Nf3 Nc6 3. Bc4 Nf6 4. d3 Bc5 5. Nc3 d6 6. h3 Bb6 7. Bb3 h6 8. Nd5 Na5 9. Be3 Nxb3 10. axb3 Bxe3 11. Nxf6+ Qxf6 12. fxe3 Qg6 13. Qe2 O-O 14. O-O-O a5 15. Nh4 Qf6 16. Nf5 Bxf5 17. exf5 Qxf5 18. Rdf1 Qg6 19. d4 e4 20. g4 a4 21. bxa4 Rxa4 22. Qb5 Ra7 23. Qf5 Qxf5 24. Rxf5 g6 25. Rb5 c6 26. Rb3 b5 27. Ra3 Rfa8 28. Rxa7 Rxa7 29. Kd2 Ra2 30. Kc3 1-0

[Event "CAN-op U1600 (Pinnacle 48th CAN Op Ch)"]
[Site "Toronto CAN"]
[Date "2011.07.17"]
[Round "9"]
[White "Sirkovich, Daniel"]
[Black "Cvetkovic, Milan"]
[Result "1-0"]
[WhiteElo "1206"]
[BlackElo "1208"]
[PlyCount "67"]
[GameId "2160767909707712"]
[EventDate "2011.07.09"]
[EventType "swiss"]
[EventRounds "9"]
[EventCountry "CAN"]
[SourceTitle "EXT 2022"]
[Source "ChessBase"]
[SourceDate "2021.10.06"]
[SourceVersion "1"]
[SourceVersionDate "2021.10.06"]
[SourceQuality "1"]

1. e4 e5 2. Nf3 Nc6 3. Bc4 Bc5 4. Nc3 Nf6 5. O-O O-O 6. d3 d6 7. Bg5 h6 8. Be3 Bb6 9. Re1 Na5 10. Bb3 Nxb3 11. axb3 Bxe3 12. fxe3 c6 13. d4 Qb6 14. Qd2 Bg4 15. dxe5 dxe5 16. Nxe5 Qc7 17. Nxg4 Nxg4 18. g3 f5 19. Qe2 Ne5 20. Ra4 b5 21. Rd4 Rad8 22. Red1 fxe4 23. Nxe4 Nf3+ 24. Kh1 Nxd4 25. Rxd4 Rxd4 26. exd4 Re8 27. Nf6+ gxf6 28. Qxe8+ Kg7 29. b4 Qf7 30. Qxc6 Qc4 31. Qxc4 bxc4 32. Kg2 Kf7 33. Kf3 Ke6 34. c3 1-0

[Event "CAN-op U1600 (Pinnacle 48th CAN Op Ch)"]
[Site "Toronto CAN"]
[Date "2011.07.17"]
[Round "9"]
[White "Souchko, Larissa"]
[Black "Waugh, Jason"]
[Result "1-0"]
[WhiteElo "1151"]
[BlackElo "851"]
[PlyCount "89"]
[GameId "2160767909707713"]
[EventDate "2011.07.09"]
[EventType "swiss"]
[EventRounds "9"]
[EventCountry "CAN"]
[SourceTitle "EXT 2022"]
[Source "ChessBase"]
[SourceDate "2021.10.06"]
[SourceVersion "1"]
[SourceVersionDate "2021.10.06"]
[SourceQuality "1"]

1. e4 e5 2. Nf3 Nf6 3. Nc3 Nc6 4. Bc4 d6 5. d3 g6 6. Ng5 Qe7 7. Bxf7+ Kd8 8. Bb3 Qg7 9. Nf7+ Ke8 10. Nxh8 Qxh8 11. Qf3 Nd4 12. Qd1 Nxb3 13. axb3 c6 14. O-O Bg4 15. f3 Be6 16. Be3 d5 17. Na4 d4 18. Bf2 Rd8 19. c4 b5 20. b4 Bxb4 21. h3 bxa4 22. Qxa4 a5 23. Be1 Qf8 24. f4 Qd6 25. fxe5 Qxe5 26. Qxc6+ Rd7 27. Bxb4 axb4 28. Ra6 Kf7 29. b3 Ke7 30. Qa4 Qb8 31. c5 Rb7 32. Qc6 Qc8 33. Qxc8 Bxc8 34. Rfxf6 Rc7 35. Rac6 Rxc6 36. Rxc6 Kd7 37. Rd6+ Ke7 38. Rxd4 Ba6 39. Kf2 Ke6 40. Ke3 Ke5 41. c6 h5 42. h4 Ke6 43. Rxb4 Kd6 44. Rb6 Bc8 45. d4 1-0

[Event "CAN-op U1600 (Pinnacle 48th CAN Op Ch)"]
[Site "Toronto CAN"]
[Date "2011.07.17"]
[Round "9"]
[White "Supol, George"]
[Black "Smith, Maurice"]
[Result "1-0"]
[WhiteElo "1401"]
[BlackElo "1588"]
[PlyCount "113"]
[GameId "2160767909707714"]
[EventDate "2011.07.09"]
[EventType "swiss"]
[EventRounds "9"]
[EventCountry "CAN"]
[SourceTitle "EXT 2022"]
[Source "ChessBase"]
[SourceDate "2021.10.06"]
[SourceVersion "1"]
[SourceVersionDate "2021.10.06"]
[SourceQuality "1"]

1. Nf3 d5 2. c4 c6 3. e3 Nf6 4. d4 Bg4 5. h3 Bxf3 6. Qxf3 e6 7. c5 Nbd7 8. Nc3 e5 9. Qd1 e4 10. Be2 Be7 11. O-O O-O 12. f3 Re8 13. fxe4 Nxe4 14. Nxe4 dxe4 15. Qb3 Rf8 16. Bc4 Nf6 17. Qxb7 Qd7 18. Qxd7 Nxd7 19. b4 Rab8 20. a3 Bg5 21. d5 Ne5 22. Ba2 cxd5 23. Bxd5 Nd3 24. Bd2 Rbd8 25. Rf5 Bf6 26. Ra2 Ne5 27. Bxe4 Nc4 28. Rf2 Bg5 29. Re2 Nxd2 30. Bf3 Nxf3+ 31. gxf3 Rfe8 32. f4 Bf6 33. Kg2 Re4 34. Kf3 Rc4 35. Rac2 Rxc2 36. Rxc2 Rc8 37. Rd2 a5 38. Rc2 axb4 39. axb4 Be7 40. Ke4 Rb8 41. Kd5 Rc8 42. b5 Kf8 43. b6 Rd8+ 44. Kc6 Rc8+ 45. Kb5 Ke8 46. c6 Bd6 47. Ka6 Kd8 48. Kb5 f6 49. Rd2 Ke7 50. Ra2 Kf7 51. Ra7+ Kg6 52. c7 Re8 53. Kc6 Bf8 54. Kb7 Re7 55. Ra8 Kf7 56. Rxf8+ Kxf8 57. Kb8 1-0